Der Frosch. Zugleich eine Einführung in das Praktische Studium...

Uložené v:
Podrobná bibliografia
Hlavný autor: HEMPELMANN, F. (Author)
Médium: Kniha
Jazyk:German
Vydané: 1908.
Tagy: Pridať tag
Žiadne tagy, Buďte prvý kto otaguje tento záznam!

MARC

LEADER 00000nam a2200000 a 4500
001 000105708
005 20210218101447.0
008 040101s1908 gw e gero
041 0 |a ger 
100 1 |a HEMPELMANN, F.  |4 aut 
245 1 0 |a Der Frosch. Zugleich eine Einführung in das Praktische Studium... 
260 |c 1908. 
500 |a Záznam neprešiel kontrolou 
910 |a svkkk 
998 |a BK 
090 |g SCKHL  |k Sklad Pribinova 2. posch.  |a III.98627  |j 419761  |i 2720427654  |s Prezenčne